Teoría del conocimiento

Saved in:
Bibliografiske detaljer
Hovedforfatter: Chisholm, Roderick M (Author)
Format: Bog
Sprog:spansk
Udgivet: Madrid Tecnos 1982
Serier:Serie de Filosofía y Ensayo
Fag:
Tags: Tilføj Tag
Ingen Tags, Vær først til at tagge denne postø!

MARC

LEADER 00000nam a2200000 a 4500
001 UCZ2219
003 CL-VaPUC
008 950926e19820000SP |||||||||||||||||spa|d
082 0 4 |a 121  |b CHI  |2 21 
100 0 |a Chisholm, Roderick M  |e author  |9 346004 
245 1 0 |a Teoría del conocimiento 
300 |a 171 p 
942 |c BK 
945 |d 19950926 00:00:00  |a cmena 
260 |a Madrid  |b Tecnos  |c 1982 
650 0 |a Filosofía   |9 223554 
650 0 |a Empirismo  |9 255037 
650 0 |a Teoría del conocimiento   |9 255038 
650 0 |a Fenomenología  |9 256519 
650 0 |a Metafísica  |9 265649 
583 |a last modification  |c 19950926 00:00:00  |k Rodrigo Vera 
490 0 |a Serie de Filosofía y Ensayo 
999 |c 238859  |d 238857 
952 |0 0  |1 0  |4 0  |6 121_000000000000000_CHI_1982  |7 0  |8 A  |9 249427  |a BIBEDU  |b BIBEDU  |c ES_NOD  |d 2019-11-18  |i 1565834  |o 121 CHI 1982  |p 1565834  |r 2023-08-09  |w 2019-11-18  |y BK  |k FIL